XIIe Session de l'Assemblée Générale : Montréal, 7 et 11 septembre 1992 / Conseil International des Archives Montréal, 7 et 11 septembre 1992 / Conseil International des Archives
Descripción Física:
195 p. ; 30 cm
MARC
| LEADER | 00000nam a2200000Ia 4500 | ||
|---|---|---|---|
| 001 | 9794 | ||
| 008 | 160829s1992 xx 000 0 cat d | ||
| 080 | |a A-1-47 | ||
| 110 | 2 | |a International Council on Archives |9 53957 | |
| 245 | |a XIIe Session de l'Assemblée Générale : |b Montréal, 7 et 11 septembre 1992 / Conseil International des Archives | ||
| 260 | |a Paris : |b Secrétariat du C.I.A., |c 1992 | ||
| 300 | |a 195 p. ; |c 30 cm | ||
| 650 | |a International Council on Archives |x Congressos |9 32100 | ||
| 650 | 0 | |a Arxivística |x Congressos |9 24826 | |
| 901 | |a Arxiu | ||
| 942 | |n 1 | ||
| 952 | |0 0 |1 0 |4 0 |6 A147 |7 1 |9 45869 |a Arxiu |b Arxiu |d 2016-12-01 |l 0 |o A-1-47 |p 9794 |r 2016-12-01 00:00:00 |w 2016-12-01 |y ARXIU | ||
| 999 | |c 49369 |d 49369 | ||